|
|
|
|
| LEADER |
01591nam a2200397 a 4500 |
| 001 |
EBC1142879 |
| 003 |
MiAaPQ |
| 005 |
20200520144314.0 |
| 006 |
m o d | |
| 007 |
cr cn||||||||| |
| 008 |
150303s2013 enka s 001 0 eng d |
| 020 |
|
|
|z 9781849694162
|
| 020 |
|
|
|a 9781849694179 (electronic bk.)
|
| 035 |
|
|
|a (MiAaPQ)EBC1142879
|
| 035 |
|
|
|a (Au-PeEL)EBL1142879
|
| 035 |
|
|
|a (CaPaEBR)ebr10695787
|
| 035 |
|
|
|a (CaONFJC)MIL485777
|
| 035 |
|
|
|a (OCoLC)842885312
|
| 040 |
|
|
|a MiAaPQ
|c MiAaPQ
|d MiAaPQ
|
| 050 |
|
4 |
|a HF5734.7
|b .R336 2013
|
| 082 |
0 |
4 |
|a 004.6
|2 23
|
| 100 |
1 |
|
|a Radovanovic, Milos.
|
| 245 |
1 |
0 |
|a Learning Adobe Connect 9
|h [electronic resource] :
|b successfully create and host web meetings, virtual classes, and webinars with Adobe Connect /
|c Milos Radovanovic, Milos Vucetic.
|
| 260 |
|
|
|a Birmingham, U.K. :
|b Packt Publishing,
|c c2013.
|
| 300 |
|
|
|a 1 online resource (v, 159 p.) :
|b ill. (some col.)
|
| 500 |
|
|
|a Includes index.
|
| 500 |
|
|
|a "Community Experience Distilled"--Cover.
|
| 533 |
|
|
|a Electronic reproduction. Ann Arbor, MI : ProQuest, 2015. Available via World Wide Web. Access may be limited to ProQuest affiliated libraries.
|
| 588 |
|
|
|a Description based on online resource; title from title page (ebrary, viewed May 23, 2013).
|
| 650 |
|
0 |
|a Computer conferencing.
|
| 650 |
|
0 |
|a Teleconferencing.
|
| 650 |
|
0 |
|a Videoconferencing.
|
| 655 |
|
4 |
|a Electronic books.
|
| 700 |
1 |
|
|a Vucetic, Milos.
|
| 710 |
2 |
|
|a ProQuest (Firm)
|
| 856 |
4 |
0 |
|u https://ebookcentral.proquest.com/lib/matrademy/detail.action?docID=1142879
|z Click to View
|